00650cam a2200193 a 4500020001500000041000800015082001600023100002000039245005500059250001600114260005900130300001800189650002500207650003700232856006800269942000700337952009500344999001700439 a1851681795 aENG04a261.27bCRA1 aCragg, Kenneth,10aMuhammad and the Christian :A Question of Response a[Rev. ed.]. aOxford ;aBoston, MA :bOneworld Publications,cc1999. axii, 180 p. ; 0aInterfaith Relations 0aChristianity and other religions42uhttp://www.loc.gov/catdir/enhancements/fy1409/2004463698-d.html cBK 00104070aHMIbHMIcGENd2018-10-30l0o261.27 CRAp11003811r2026-01-16w2026-01-16yBK c22436d22436